Normal view
MARC view
- Asmae, Sarwat Jamal
Entry Personal Name
001 - CONTROL NUMBER
- control field: 16012
003 - CONTROL NUMBER IDENTIFIER
- control field: NUST
005 - DATE AND TIME OF LATEST TRANSACTION
- control field: 20190629074946.0
008 - FIXED-LENGTH DATA ELEMENTS
- fixed length control field: 190629|| aca||aabn | a|a d
040 ## - CATALOGING SOURCE
- Original cataloging agency: NUST
- Transcribing agency: NUST
100 ## - HEADING--PERSONAL NAME
- Personal name: Asmae, Sarwat Jamal
670 ## - SOURCE DATA FOUND
- Source citation: Work cat.: (NUST): Asmae, Sarwat Jamal, Dashat Gardi Aur Musliman /, 2008.
